MARC

LEADER 00000nam0a2200000 4500
001 130870
005 20231031134052.0
035 |a (RuTPU)RU\TPU\book\141740 
090 |a 130870 
100 |a 20080208d1974 m y0rusy50 ca 
101 0 |a rus 
102 |a RU 
105 |a a z 001zy 
200 1 |a Антенны и устройства СВЧ  |e конспект лекций  |h Ч. 1  |f Д. И. Воскресенский, В. Л. Гостюхин  |g Московский авиационный институт (МАИ) 
210 |a Москва  |c [Б. и.]  |d 1974 
215 |a 240 с.  |c ил. 
320 |a Библиогр.: с. 236. 
610 1 |a антенны 
610 1 |a СВЧ 
610 1 |a сверхвысокочастотные антенны 
610 1 |a устройства 
675 |a 621.396.67(075.8)  |v 3 
700 1 |a Воскресенский  |b Д. И.  |g Дмитрий Иванович 
701 1 |a Гостюхин  |b В. Л.  |g Вадим Леонтьевич 
712 0 2 |a Московский авиационный институт (МАИ)  |2 stltpush  |3 (RuTPU)RU\TPU\col\3642 
801 1 |a RU  |b 63413507  |c 20080208  |g PSBO 
801 2 |a RU  |b 63413507  |c 20150911  |g PSBO 
942 |c BK